[Event "Esbjerg-B"]
[Site "Esbjerg"]
[Date "1988.??.??"]
[Round "6"]
[White "Riemersma, Liafbern"]
[Black "Jasnikowski, Zbigniew"]
[Result "1-0"]
[WhiteElo "2380"]
[BlackElo "2425"]

1.e4 c5 2.Nf3 e6 3.d4 cxd4 4.Nxd4 Nc6 5.Nc3 a6 6.Be2 d6 7.O-O Nf6 8.f4 Qc7
9.Kh1 Be7 10.a4 O-O 11.Be3 Bd7 12.Nb3 b6 13.Bf3 Rab8 14.g4 Bc8 15.g5 Nd7
16.Bg2 b5 17.axb5 axb5 18.Qe2 Nc5 19.Nxb5 Qb6 20.c4 Ba6 21.e5 Bxb5 22.cxb5 Nb4
23.exd6 Bxd6 24.Rfc1 Nbd3 25.Rc3 Qxb5 26.Nxc5 Nxc5 27.Qxb5 Rxb5 28.Bf1 Rxb2
29.Bxc5 Bxc5 30.Rxc5 Rb4 31.Rc4 Rxc4 32.Bxc4 g6 33.Kg2 h6 34.h4 hxg5 35.hxg5 Rc8
36.Ra4 Rc5 37.Kf3 Kg7 38.Ba2 Rc2 39.Ke4 Re2+ 40.Kd4 Re1 41.Bc4 Kf8 42.Bd3 Rd1
43.Ra3 Re1 44.Be4 Kg7 45.Ke5 Rd1 46.Ra7 Rc1 47.Ra4 Rd1 48.Rd4 Ra1 49.Kd6 Ra5
50.Rb4 Kf8 51.Rb8+ Kg7 52.Ra8 Rb5 53.Ra4 Kf8 54.Kc6 Rb2 55.Kc5 Rf2 56.Bc6 Rc2+
57.Kd6 Rd2+ 58.Ke5 Kg7 59.Ra7 Re2+ 60.Kd6 Rd2+ 61.Ke7 Rf2 62.Ra4 Rc2 63.Bd7 Rc7
64.Ra8 Rb7 65.Re8 Ra7 66.Rc8 Rb7 67.Kd6 Rb6+ 68.Rc6 Rb5 69.Rc7 Rd5+ 70.Ke7 Rd4
71.Ke8 Kg8 72.Bc8  1-0

[Event "FIN-SWE"]
[Site "?"]
[Date "1988.??.??"]
[Round "1"]
[White "Pyhala, Antti"]
[Black "Bergstrom, Christer"]
[Result "1-0"]
[WhiteElo "2360"]
[BlackElo "2420"]

1.e4 c5 2.Nf3 Nc6 3.d4 cxd4 4.Nxd4 e6 5.Nc3 a6 6.Be2 Qc7 7.O-O Nf6 8.Be3 Bb4
9.Nxc6 bxc6 10.f4 O-O 11.e5 Nd5 12.Nxd5 cxd5 13.Qd4 Be7 14.c4 dxc4 15.Rac1 d5
16.exd6 Qxd6 17.Qxd6 Bxd6 18.Rfd1 Be7 19.Rxc4 Bf6 20.Bf3 Rb8 21.Bc5 Re8 22.Bc6 Rd8
23.Rxd8+ Bxd8 24.Ba7 Rxb2 25.Bf3 Bb7 26.Bxb7 Rxb7 27.Rc8 Kf8 28.Rxd8+ Ke7
29.Ra8 Rb1+ 30.Kf2 Rb2+ 31.Kf3 Rxa2 32.Bd4 f6 33.Ra7+ Kf8 34.h4 h5 35.Bc5+ Kg8
36.Re7 Ra5 37.Be3 e5 38.fxe5 fxe5 39.Bg5 Ra3+ 40.Ke4 Rg3 41.Rxe5 Rxg2 42.Ra5 Rg4+
43.Kf5 Kh7 44.Rxa6 Rg2 45.Bf4 Rg4 46.Bg5 Rg2 47.Ra7 Rg3 48.Bf4 Rg2 49.Be5 Rg4
50.Rd7 Kg8 51.Rd4 Rg2 52.Rd3 Rg4 53.Rg3 Rxh4 54.Rxg7+ Kf8 55.Ke6 Ra4 56.Rg6 Rg4
57.Bd6+ Ke8 58.Rh6 Rg8 59.Be7 h4 60.Rxh4 Rg6+ 61.Bf6  1-0

[Event "FIN-SWE"]
[Site "?"]
[Date "1988.??.??"]
[Round "2"]
[White "Rantanen, Yrjo A"]
[Black "Welin, Thomas"]
[Result "1-0"]
[WhiteElo "2375"]
[BlackElo "2410"]

1.e4 c5 2.Nf3 e6 3.d4 cxd4 4.Nxd4 Nc6 5.Nc3 Qc7 6.Be2 a6 7.O-O Nf6 8.Be3 Bb4
9.Nxc6 bxc6 10.f4 d5 11.e5 Nd7 12.Na4 O-O 13.c4 Be7 14.Rc1 Qb8 15.Rf2 a5
16.Bd3 f6 17.cxd5 cxd5 18.Qh5 f5 19.Rc6 Qb4 20.Qd1 d4 21.Bd2 Qb7 22.Qc2 Rd8
23.a3 Ra7 24.Rxe6 Nf8 25.Rb6 Qd7 26.Bb5 Rc7 27.Qd3 Qd5 28.Bxa5 Ne6 29.Rf1  1-0

[Event "Forli op"]
[Site "Forli"]
[Date "1988.??.??"]
[Round "?"]
[White "Delanoy, Arnaud"]
[Black "Drei, Andrea"]
[Result "1/2-1/2"]
[WhiteElo "2215"]
[BlackElo "2235"]

1.e4 c5 2.Nc3 e6 3.Nf3 Nc6 4.d4 cxd4 5.Nxd4 Qc7 6.Be2 a6 7.O-O Nf6 8.Be3 b5
9.Nxc6 dxc6 10.f4 Bb7 11.e5 Nd5 12.Nxd5 cxd5 13.Qd4 Rc8 14.c3 Bc5 15.Qxc5 Qxc5
16.Bxc5 Rxc5 17.a4 b4 18.cxb4 Rc2 19.Rf2 Ke7 20.Bxa6 Rxf2 21.Kxf2 Bxa6 22.b5 Rb8
23.bxa6 Rxb2+ 24.Ke3 Rb6 25.Kd4 Rxa6 26.Kc5 Kd7 27.a5 Kc7 28.Kb5 Kb7 29.Rc1 g6
30.g4 Ra8 31.Rc3 h5 32.gxh5 gxh5 33.Rh3 Rd8 34.Rc3 d4 35.a6+ Ka7 36.Rd3 Rd5+
37.Kc4 Kxa6 38.Rxd4 Rxd4+ 39.Kxd4 Kb5 40.h4 Kb4 41.Kd3 Kb3 42.Kd4  1/2-1/2

[Event "Forli op"]
[Site "Forli"]
[Date "1988.??.??"]
[Round "?"]
[White "Wagman, Stuart"]
[Black "Drei, Andrea"]
[Result "1-0"]
[WhiteElo "2230"]
[BlackElo "2235"]

1.e4 c5 2.Nf3 e6 3.d4 cxd4 4.Nxd4 Nc6 5.Nc3 Qc7 6.g3 a6 7.Bg2 Nf6 8.O-O Be7
9.Re1 Nxd4 10.e5 Nb5 11.exf6 gxf6 12.Qg4 Nxc3 13.Qg7 Rf8 14.bxc3 Qxc3 15.Bh6 Qxc2
16.Be4 Qb2 17.Rac1 Qb6 18.Qxh7 Qd8 19.Bf3 Ba3 20.Bh5 Ke7 21.Bxf8+ Qxf8 22.Rc4 f5
23.Qxf5 b5 24.Rf4 Bb7 25.Qd3 Bc5 26.Qh7 Kd6 27.Rxf7 Qd8 28.Rd1+ Bd5 29.Bf3 Qe8
30.Qh5 Qh8 31.Rxd5+  1-0

[Event "Frunze"]
[Site "Frunze"]
[Date "1988.??.??"]
[Round "?"]
[White "Serper, Grigory"]
[Black "Chekhov, Valery A"]
[Result "1/2-1/2"]
[WhiteElo "2435"]
[BlackElo "2480"]

1.e4 c5 2.Nc3 e6 3.Nf3 Nc6 4.d4 cxd4 5.Nxd4 Nf6 6.Ndb5 d6 7.Bf4 e5 8.Bg5 a6
9.Na3 b5 10.Nd5 Be7 11.Bxf6 Bxf6 12.c3 O-O 13.Nc2 Bg5 14.Be2 Be6 15.O-O Ne7
16.a4 bxa4 17.Rxa4 Bxd5 18.exd5 a5 19.Na3 f5 20.Nc4 e4 21.Qa1 Nxd5 22.Rd1 Nf4
23.Bf1 d5 24.Rxa5 Rxa5 25.Qxa5 Qb8 26.Rxd5 Nxd5 27.Qxd5+ Kh8 28.Nd6 Qa7 29.g3 e3
30.Kg2 f4 31.f3 Qe7 32.Ne4 Bh6 33.g4 g6 34.Bc4 Rd8 35.Qc6 Bg7 36.b4 Qh4 37.b5 h5
38.Qxg6 hxg4 39.fxg4 f3+ 40.Kxf3 Qxh2 41.Qh5+ Qxh5 42.gxh5 Bh6 43.Ke2 Bg7
44.Kxe3 Rc8  1/2-1/2

[Event "Frunze"]
[Site "Frunze"]
[Date "1988.??.??"]
[Round "?"]
[White "Yermolinsky, Alex"]
[Black "Nenashev, Alexander"]
[Result "1/2-1/2"]
[WhiteElo "2460"]
[BlackElo "2445"]

1.e4 c5 2.Nf3 Nc6 3.d4 cxd4 4.Nxd4 e6 5.Nc3 a6 6.Bf4 d6 7.Bg3 Be7 8.Be2 Bd7
9.f4 Rc8 10.Bf3 Qc7 11.O-O Nf6 12.Kh1 O-O 13.a4 Rfd8 14.Re1 Be8 15.f5 Nxd4
16.Qxd4 Nd7 17.Bg4 Ne5 18.Bxe5 dxe5 19.Qe3 Bd7 20.Red1 Re8 21.fxe6 Bxe6 22.Nd5 Qc6
23.Bxe6 Qxe6 24.Qd3 Bg5 25.c4 a5 26.Rf1 Be7 27.b3 Bc5 28.Rf5 Rf8 29.Raf1 f6
30.Qh3 Rf7 31.Qh4 Rcf8 32.R1f3 Be7 33.Rf1 Bd8 34.Qg3 Kh8 35.Qd3 g6 36.R5f2 Bb6
37.Rf3 Bc5 38.g3 f5 39.Kg2 b6 40.h3 Kg8 41.Qe2 Kg7 42.Qd3 fxe4 43.Qxe4 Rxf3
44.Rxf3 Rxf3 45.Qxf3 Qf5 46.Qxf5 gxf5 47.g4 Kg6 48.Kf3 e4+ 49.Kf4 Bd6+ 50.Ke3 Kg5
51.gxf5 Kxf5 52.Ke2 Bc5 53.Kd2 Ke5 54.Ke2 Kd4 55.Kd2 h6 56.Ke2 h5 57.Kd2 h4
58.Ke2 e3 59.Nxe3 Kc3 60.Nd5+ Kxb3 61.Kd3 Bf2 62.Nc3 Bc5 63.Nd5 Kxa4 64.Kc2 Ka3
65.Kc3 Bf2 66.Kc2 Bd4 67.Kd3 Bh8 68.Nxb6 Kb4 69.Nd7 a4 70.c5 a3 71.c6 a2
72.c7 a1=Q 73.c8=Q Qd4+ 74.Ke2 Qe4+ 75.Kd2 Qg2+ 76.Kd1 Qd5+ 77.Ke2 Qe4+ 78.Kd2 Qg2+
79.Kd1 Qf3+ 80.Kc1 Qe3+ 81.Kd1 Qf3+ 82.Kc1 Qh1+ 83.Kc2 Qh2+ 84.Kd1 Qd6+ 85.Kc2 Qg6+
86.Kd2 Qg5+ 87.Ke2 Qe7+ 88.Kd2 Qd6+ 89.Kc2 Qh2+ 90.Kd1 Qg1+ 91.Ke2 Qg2+ 92.Kd1  1/2-1/2

[Event "Frunze"]
[Site "Frunze"]
[Date "1988.??.??"]
[Round "?"]
[White "Glek, Igor V"]
[Black "Chekhov, Valery A"]
[Result "0-1"]
[WhiteElo "2500"]
[BlackElo "2480"]

1.e4 c5 2.Nf3 e6 3.Nc3 Nc6 4.d4 cxd4 5.Nxd4 Nf6 6.Ndb5 d6 7.Bf4 e5 8.Bg5 a6
9.Na3 b5 10.Bxf6 gxf6 11.Nd5 f5 12.Bd3 Be6 13.Qh5 Rg8 14.g3 Rc8 15.c3 Rg6
16.Qf3 Bxd5 17.exd5 e4 18.Qxf5 Rg5 19.Qxh7 exd3 20.dxc6 Qe7+ 21.Kf1 Qe2+
22.Kg2 Rh5 23.Qg8 Qe4+ 24.Kg1 Rxc6 25.h3 d5 26.Qg4 Qxg4 27.hxg4 Rxh1+ 28.Kxh1 Bxa3
29.bxa3 d4  0-1

[Event "Troll Masters"]
[Site "Gausdal"]
[Date "1988.??.??"]
[Round "?"]
[White "Haugli, Petter"]
[Black "Tisdall, Jonathan D"]
[Result "0-1"]
[WhiteElo "2350"]
[BlackElo "2425"]

1.e4 c5 2.Nf3 Nc6 3.d4 cxd4 4.Nxd4 e6 5.Nc3 a6 6.Be2 Qc7 7.O-O Nf6 8.a4 Bb4
9.Bg5 Qa5 10.Bxf6 gxf6 11.Nxc6 bxc6 12.Qd4 Be7 13.Kh1 Rb8 14.b3 h5 15.f4 h4
16.Rad1 Rb4 17.Qe3 f5 18.exf5 Qxf5 19.Bd3 Qc5 20.Qe5 f6 21.Qc7 O-O 22.Ne4 Qb6
23.Qxb6 Rxb6 24.Nd2 Kg7 25.Rf3 d5 26.g4 e5 27.fxe5 fxe5 28.Rxf8 Bxf8 29.Bf5 Bxf5
30.gxf5 Kf6 31.Kg2 Rb4 32.Rf1 Bh6 33.Nf3 Rg4+ 34.Kf2 e4 35.Ne1 h3 36.Ke2  0-1

[Event "Arnold Cup"]
[Site "Gausdal"]
[Date "1988.??.??"]
[Round "?"]
[White "Tisdall, Jonathan D"]
[Black "Jansa, Vlastimil"]
[Result "0-1"]
[WhiteElo "2425"]
[BlackElo "2465"]

1.e4 c5 2.Nf3 e6 3.d4 cxd4 4.Nxd4 Nc6 5.Nc3 a6 6.Be2 d6 7.Be3 Nf6 8.f4 Be7
9.Qd2 O-O 10.O-O-O Qc7 11.g4 b5 12.g5 Nd7 13.Bf3 Bb7 14.h4 Nxd4 15.Qxd4 Rac8
16.h5 e5 17.fxe5 Nxe5 18.Bg2 b4 19.Qxb4 Nc4 20.Bd4 d5 21.Qb3 Qf4+ 22.Kb1 Nd2+
23.Rxd2 Qxd2 24.Qxb7 Qxd4 25.Qxe7 Rxc3 26.bxc3 Rb8+ 27.Qb4 Rxb4+ 28.cxb4 Qxb4+
29.Kc1 Qa3+ 30.Kb1 Qg3  0-1

[Event "Geneve-B"]
[Site "Geneve"]
[Date "1988.??.??"]
[Round "?"]
[White "Faure, Jean"]
[Black "Domont, Alexandre"]
[Result "0-1"]
[WhiteElo "2200"]
[BlackElo "2260"]

1.e4 c5 2.Nf3 e6 3.d4 cxd4 4.Nxd4 Nc6 5.Nc3 Nf6 6.Nxc6 bxc6 7.e5 Nd5 8.Ne4 Qc7
9.f4 Qb6 10.c4 Bb4+ 11.Ke2 f5 12.exf6 Nxf6 13.Be3 Qd8 14.Nxf6+ Qxf6 15.Qd4 Be7
16.Rd1 Qf7 17.Kf2 c5 18.Qe5 O-O 19.Be2 d6 20.Rxd6 Bxd6 21.Qxd6 Bb7 22.Rd1 Qg6
23.Bf1 Qf6 24.Qxc5 Qxb2+ 25.Rd2 Qf6 26.Qc7 Rf7 27.Qd6 e5 28.c5 exf4 29.Bd4 Qh4+
30.Kg1 Rd8 31.Qe5 Re7 32.Qf5 Be4 33.Bc4+ Kh8 34.Bxg7+ Kxg7  0-1

[Event "NRW-Liga I"]
[Site "Germany"]
[Date "1988.??.??"]
[Round "?"]
[White "Morawietz, Dieter"]
[Black "Fischdick, Gisela"]
[Result "1/2-1/2"]
[WhiteElo "2280"]
[BlackElo "2305"]

1.e4 c5 2.Nf3 e6 3.d4 cxd4 4.Nxd4 Nc6 5.Nc3 Qc7 6.f4 a6 7.Be2 Bb4 8.Nxc6 bxc6
9.Qd4 Bf8 10.Be3 d5 11.exd5 cxd5 12.O-O Nf6 13.Na4 Bb7 14.c4 Rd8 15.Rac1 dxc4
16.Rxc4 Qb8 17.Qa7 Nd5 18.Qxb8 Rxb8 19.Ba7 Ra8 20.Bd4 Bd6 21.Nc5 Bxc5 22.Rxc5 O-O
23.f5 e5 24.Bf3 exd4 25.Bxd5 Bxd5 26.Rxd5 Rfd8 27.Rxd8+ Rxd8 28.Kf2 Rc8 29.Kf3 Rc5
30.g4 h5 31.h3 Ra5 32.a3 Rb5 33.b4 a5 34.Rb1 axb4 35.axb4 Re5 36.b5 d3 37.b6 d2
38.b7 Re8 39.Kf2 Kh7 40.g5 h4 41.Kf3 f6 42.g6+ Kh6 43.Kf2 Kg5 44.Rd1 Rb8
45.Rb1 Re8 46.Rd1 Rb8 47.Rb1  1/2-1/2

[Event "BL2-N8788"]
[Site "Germany"]
[Date "1988.??.??"]
[Round "?"]
[White "Reeh, Oliver"]
[Black "Joecks, Christian"]
[Result "1-0"]
[WhiteElo "2460"]
[BlackElo "2300"]

1.e4 c5 2.Nf3 Nc6 3.d4 cxd4 4.Nxd4 e6 5.Nc3 a6 6.f4 d6 7.Nf3 Be7 8.Bd3 b5
9.O-O Nf6 10.Kh1 Bb7 11.Qe1 b4 12.Ne2 O-O 13.e5 Nd7 14.exd6 Bxd6 15.Be3 Nf6
16.Rd1 Qc7 17.Qh4 Ne7 18.Bd4 Ned5 19.c4 bxc3 20.Nxc3 h6 21.Nxd5 Nxd5 22.Qg3 f6
23.Qg6 Nxf4 24.Qh7+ Kf7 25.Ne5+ Bxe5 26.Rxf4 Rg8 27.Qg6+ Ke7 28.Bxe5 Qxe5
29.Qg3 Rab8 30.Re1 Qd6 31.Bc4 Bd5 32.Bxd5 Qxd5 33.Rg4 Rxb2 34.Qa3+  1-0

[Event "Bundesliga 8788"]
[Site "Germany"]
[Date "1988.??.??"]
[Round "?"]
[White "Goetz, Ralph"]
[Black "Schlosser, Philipp"]
[Result "1-0"]
[WhiteElo "2275"]
[BlackElo "2385"]

1.e4 c5 2.Nc3 Nc6 3.Nge2 e6 4.d4 cxd4 5.Nxd4 d6 6.Be2 Nf6 7.O-O Be7 8.Kh1 O-O
9.f4 Qc7 10.Be3 a6 11.a4 Re8 12.Bd3 Bd7 13.Qf3 Nb4 14.Rae1 Rec8 15.Nb3 b5
16.axb5 axb5 17.e5 Nxd3 18.cxd3 Ne8 19.Nd4 Qd8 20.f5 exf5 21.Nxf5 Be6 22.Nd5 Bf8
23.Nd4 Nc7 24.Nxe6 fxe6 25.Nb6 dxe5 26.Nxa8 Nxa8 27.Qf7+ Kh8 28.Qxe6 Bd6
29.Bg5 Nc7 30.Qf5 Qe8 31.d4 Ne6 32.dxe5 Bc5 33.Be3 Bb4 34.Rc1 Ra8 35.h3 Kg8
36.Qe4 Bf8 37.Rc6 Rd8 38.Rfc1 Qf7 39.Qg4 Re8 40.Rc8 Nd8 41.Bg5 Be7 42.Bxe7 Qxe7
43.Qg3 Ne6 44.Rxe8+ Qxe8 45.Qc3 Kf7 46.Qc6 Qxc6 47.Rxc6 Nd4 48.Rd6 Ne6 49.Rd7+ Kg6
50.Rd5 b4 51.Rb5 Kf5 52.Rxb4 Kxe5 53.Kg1  1-0

[Event "Bundesliga 8788"]
[Site "Germany"]
[Date "1988.??.??"]
[Round "?"]
[White "Heim, Bernhard"]
[Black "Seul, Georg"]
[Result "0-1"]
[WhiteElo "2260"]
[BlackElo "2275"]

1.e4 c5 2.Nf3 Nc6 3.d4 cxd4 4.Nxd4 e6 5.Nc3 Qc7 6.Be2 a6 7.O-O Nf6 8.Be3 Bb4
9.Nxc6 bxc6 10.Na4 Be7 11.Nb6 Rb8 12.Nxc8 Qxc8 13.e5 Nd5 14.Bc1 Bc5 15.Bd3 O-O
16.c4 Ne7 17.Qc2 Ng6 18.b3 Bd4 19.Bb2 Bxb2 20.Qxb2 c5 21.f4 Qc7 22.Rad1 f6
23.Bxg6 hxg6 24.Rd6 fxe5 25.fxe5 Rxf1+ 26.Kxf1 Rf8+ 27.Kg1 Rf5 28.Qc3 Qb7
29.Qe3 a5 30.h3 a4 31.Qxc5 axb3 32.axb3 Qxb3 33.Rxd7 Qb1+ 34.Kh2 Qe4 35.Qd4 Qe1
36.Qd1 Qxe5+ 37.Kg1 Rf4 38.Qd2 Rxc4 39.Rd8+ Kh7 40.Rf8 Re4 41.Rf1 Re2 42.Qd3 Re3
43.Qd8 Qe4 44.Qg5 Re2 45.Qg3 e5 46.Kh2 Re3 47.Qg5 Re1 48.Rxe1 Qxe1 49.h4 Qe2
50.Kg3 Qe1+ 51.Kh2 Qe2 52.Kg3 Qd3+ 53.Kh2 Qf5 54.Qe3 Kg8 55.Kg3 Kh8 56.Kh2 Kh7
57.Kg3 Qh5 58.Qe4 Kh6 59.Qa8 Kh7 60.Qe4 Qf5 61.Qe3 e4 62.Qg5 Qf6 63.Qf4 Qc3+
64.Kf2 Qc2+ 65.Kg3 Qe2 66.Qf2 Qxf2+ 67.Kxf2 g5 68.hxg5 Kg6 69.Ke3 Kf5 70.g6 Ke5
71.Ke2 Kf4 72.Kf2 Kg5 73.Ke3 Kf5 74.g3 Ke5 75.Ke2 Kd4 76.Kd2 e3+ 77.Ke1 Kd5
78.Kf1 Ke5 79.Ke1 Kd4 80.Ke2 Ke4 81.g4 Kf4 82.g5 Ke4 83.Ke1 Kf5 84.Ke2 Kxg6
85.Kxe3 Kxg5 86.Kf3 Kh4  0-1

[Event "Bundesliga 8788"]
[Site "Germany"]
[Date "1988.??.??"]
[Round "?"]
[White "Herbrechtsmeier, Christof"]
[Black "Cicak, Slavko"]
[Result "0-1"]
[WhiteElo "2305"]
[BlackElo "2290"]

1.e4 c5 2.Nf3 Nc6 3.d4 cxd4 4.Nxd4 e6 5.Nc3 Qc7 6.g3 a6 7.Bg2 d6 8.O-O Bd7
9.a4 Nf6 10.Nb3 b6 11.Qe2 Be7 12.Bf4 O-O 13.Rfd1 Ne5 14.a5 b5 15.Na2 Bc6
16.Nb4 Bb7 17.Bd2 Rac8 18.Bc3 Nfd7 19.Nd2 Nc5 20.Bd4 Na4 21.f4 Nd7 22.b3 Nc3
23.Bxc3 Qxc3 24.Nd3 Qd4+ 25.Kh1 Rxc2 26.Ne1 Rc7 27.Nc4 Qc5 28.Nd3 Qa7 29.Ne3 Rfc8
30.f5 Bg5 31.fxe6 fxe6 32.Nf4 Rc3 33.Rxd6 Bxf4 34.gxf4 Rxe3 35.Qf2 Nf6 36.Rd3 Ng4
37.Qg1 Re1  0-1

[Event "Bundesliga 8788"]
[Site "Germany"]
[Date "1988.??.??"]
[Round "?"]
[White "Lobron, Eric"]
[Black "Cicak, Slavko"]
[Result "1-0"]
[WhiteElo "2490"]
[BlackElo "2290"]

1.e4 c5 2.Nf3 e6 3.d4 cxd4 4.Nxd4 Nc6 5.Nc3 d6 6.g4 Nge7 7.Be3 Nxd4 8.Qxd4 Nc6
9.Qd2 Be7 10.O-O-O a6 11.g5 O-O 12.h4 Qc7 13.h5 Ne5 14.f4 Nc4 15.Bxc4 Qxc4
16.g6 b5 17.h6 fxg6 18.hxg7 Rf7 19.b3 Qc6 20.Rxh7 Kxh7 21.Qh2+ Kxg7 22.Rh1 Bb7
23.Qh7+ Kf6 24.Bd4+ e5 25.fxe5+ dxe5 26.Rf1+ Ke6 27.Qxf7+ Kd7 28.Rd1 exd4
29.Rxd4+ Kc8 30.Qxe7 Kb8 31.Rd6 Qxc3 32.Qd8+ Qc8 33.Qb6  1-0

[Event "Bundesliga 8788"]
[Site "Germany"]
[Date "1988.??.??"]
[Round "?"]
[White "Short, Nigel D"]
[Black "Ribli, Zoltan"]
[Result "1/2-1/2"]
[WhiteElo "2630"]
[BlackElo "2620"]

1.e4 c5 2.Nf3 e6 3.d4 cxd4 4.Nxd4 Nc6 5.Nc3 Qc7 6.g3 a6 7.Bg2 Nf6 8.O-O Be7
9.Re1 d6 10.a4 O-O 11.h3 Bd7 12.g4 h6 13.Nb3 Ne5 14.a5 Rac8  1/2-1/2

[Event "BL2-SW8788"]
[Site "Germany"]
[Date "1988.??.??"]
[Round "?"]
[White "Ostojic, Predrag"]
[Black "Loeffler, Stefan"]
[Result "1/2-1/2"]
[WhiteElo "2400"]
[BlackElo "2265"]

1.e4 c5 2.Nf3 e6 3.d4 cxd4 4.Nxd4 Nc6 5.Nc3 Qc7 6.Be2 Nf6 7.O-O Be7 8.Kh1 O-O
9.f4 d6 10.Be3 Re8 11.h3 a6 12.Nxc6 bxc6 13.Bd3 c5 14.b3 Bb7 15.Bg1 d5 16.e5 c4
17.bxc4 dxc4 18.Be2 Bb4 19.Qd4 Rad8 20.Qe3 Bxc3 21.Qxc3 Ne4 22.Qe3 Rd2 23.Kh2 Rxc2
24.Rfc1 Rxc1 25.Rxc1 c3 26.Bf3 Qc4 27.Bxe4 Qxe4 28.Qxe4 Bxe4 29.Rxc3 h6 30.Be3 Rb8
31.Rc4 Bb1 32.a3 Ba2 33.Rc2 Bd5  1/2-1/2

[Event "BL2-S8788"]
[Site "Germany"]
[Date "1988.??.??"]
[Round "?"]
[White "Speckner, Roland"]
[Black "Werner, Marc"]
[Result "0-1"]
[WhiteElo "2235"]
[BlackElo "2295"]

1.e4 c5 2.Nf3 e6 3.d4 cxd4 4.Nxd4 Nc6 5.Nc3 Qc7 6.g3 a6 7.Bg2 d6 8.O-O Bd7
9.Re1 Be7 10.a4 Nf6 11.Nb3 b6 12.f4 Bc8 13.Kh1 Bb7 14.Be3 O-O 15.Qe2 Rfe8
16.Bf3 Rac8 17.Qg2 Nd7 18.h4 Nc5 19.a5 Nxa5 20.Nxa5 bxa5 21.Ra3 Bf6 22.h5 Ba8
23.g4 Qb8 24.g5 Be7 25.Bc1 Qb4 26.Qe2 Bc6 27.Bg2 Bf8 28.Na2 Qb6 29.Rg3 d5
30.e5 d4 31.g6 fxg6 32.Rxg6 hxg6 33.hxg6 Bxg2+ 34.Kxg2 Ne4 35.Qh5 Rxc2+ 36.Kg1 d3+
37.Be3 Bc5  0-1

[Event "Hessen-ch"]
[Site "Germany"]
[Date "1988.??.??"]
[Round "2"]
[White "Schroeder, Christoph"]
[Black "Bewersdorff, Oliver"]
[Result "1/2-1/2"]
[WhiteElo "2260"]
[BlackElo "2335"]

1.e4 c5 2.Nc3 e6 3.Nge2 Nc6 4.d4 cxd4 5.Nxd4 Nf6 6.Nxc6 bxc6 7.e5 Nd5 8.Ne4 Qc7
9.f4 Qb6 10.c4 Ne3 11.Qd3 Nf5 12.b3 Nd4 13.Be3 Nc2+ 14.Kf2 Nxe3 15.Qxe3 c5
16.Rd1 Bb7 17.Nd6+ Bxd6 18.Rxd6 Qc7 19.Bd3 f6 20.Rd1 fxe5 21.Qxe5 O-O-O 22.a3 Rdf8
23.Kg1 Rf7 24.g3 Rhf8 25.Bxh7 g5 26.Bg6 Rf6 27.Qxg5 Ba8 28.Bc2 R8f7 29.Qg8+ Rf8
30.Qg4 Qb7 31.R6d2 R6f7 32.Re2 Qh1+ 33.Kf2 Qxh2+ 34.Ke3 Qh6 35.Be4 Bxe4 36.Kxe4 Rg7
37.Qf3 Qh3 38.Rh1 Qxg3 39.Qxg3 Rxg3 40.Re3 Rg2 41.Rh5 d6  1/2-1/2

[Event "Groningen op"]
[Site "Groningen"]
[Date "1988.??.??"]
[Round "?"]
[White "Polaczek, Richard"]
[Black "Van Mil, Johannes A J"]
[Result "1/2-1/2"]
[WhiteElo "2280"]
[BlackElo "2395"]

1.e4 c5 2.Nf3 e6 3.d4 cxd4 4.Nxd4 Nc6 5.Nc3 a6 6.Be2 Nge7 7.f4 b5 8.O-O Bb7
9.Kh1 Nxd4 10.Qxd4 Nc6 11.Qf2 Be7 12.Be3 O-O 13.Rad1 Rc8 14.Bb6 Qe8 15.Bf3 d6
16.Rd2 Nb8 17.Qg3 b4 18.Ne2 Nd7 19.Be3 Kh8 20.Rfd1 Nc5 21.Bd4 Rg8 22.e5 Ne4
23.Bxe4 Bxe4 24.exd6 Bxd6 25.c3 bxc3 26.Nxc3 Bc6 27.Re2 Bb8 28.Ne4 Bxe4 29.Rxe4 Qc6
30.Rde1 Qd5 31.Bc3 Rc4 32.Qf3 Rxe4 33.Qxe4 Qxa2 34.Qb7 f6 35.Qf7 Qc4 36.Qxe6 Qxf4
37.Qh3 Rd8 38.g3 Qf3+ 39.Qg2 Qxg2+ 40.Kxg2 Bd6 41.Ra1 Ra8 42.b4 Bc7 43.b5 a5
44.Bd4 Kg8 45.Rb1 Be5 46.Bxe5 fxe5 47.Re1 Rb8 48.Rxe5 Rb6 49.Kf3 Kf7 50.Ke4 Re6
51.Kd5 Rxe5+ 52.Kxe5 Ke7 53.Kd5 Kd7 54.Kc5 Kc7 55.b6+ Kb7 56.Kb5 a4 57.Kxa4 Kxb6  1/2-1/2

[Event "Hastings op8889"]
[Site "Hastings"]
[Date "1988.??.??"]
[Round "?"]
[White "McDonald, Neil R"]
[Black "Polgar, Judit"]
[Result "1/2-1/2"]
[WhiteElo "2375"]
[BlackElo "2320"]

1.e4 c5 2.Nf3 e6 3.d4 cxd4 4.Nxd4 Nc6 5.Nc3 Qc7 6.f4 a6 7.Be2 Nxd4 8.Qxd4 b5
9.Be3 Bb7 10.O-O Rc8 11.Rad1 Nf6 12.e5 Nd5 13.Nxd5 Bxd5 14.Bf3 Bc5 15.Qxc5 Qxc5
16.Bxc5  1/2-1/2

[Event "Hastings op8889"]
[Site "Hastings"]
[Date "1988.??.??"]
[Round "?"]
[White "McDonald, Neil R"]
[Black "Plaskett, Jim"]
[Result "1-0"]
[WhiteElo "2375"]
[BlackElo "2465"]

1.e4 c5 2.Nf3 e6 3.d4 cxd4 4.Nxd4 Nc6 5.Nc3 a6 6.f4 Qc7 7.Be2 b5 8.Be3 Bb7
9.a3 Nxd4 10.Qxd4 Ne7 11.Rd1 Nc6 12.Qd2 Be7 13.O-O d6 14.f5 O-O 15.fxe6 fxe6
16.Bg4 Rxf1+ 17.Rxf1 Bc8 18.Qf2 Bf6 19.Qg3 Qe7 20.e5 Nxe5 21.Ne4 Nxg4 22.Qxg4 Bxb2
23.Ng5 d5 24.Qh5 g6 25.Qh4 h5 26.Rf7 Qxa3 27.Qf4 Bh8 28.Rh7 Bf6 29.Rh8+ Kg7
30.Qc7+  1-0

[Event "Hastings op8889"]
[Site "Hastings"]
[Date "1988.??.??"]
[Round "?"]
[White "Lopez, Mar"]
[Black "Plaskett, Jim"]
[Result "0-1"]
[WhiteElo "2235"]
[BlackElo "2465"]

1.e4 c5 2.Nf3 e6 3.d4 cxd4 4.Nxd4 Nc6 5.Nc3 a6 6.Be3 Qc7 7.Be2 b5 8.f4 Bb7
9.Bf3 Na5 10.Qe2 Nc4 11.O-O-O Nxb2 12.Kxb2 Ba3+ 13.Kxa3 Qxc3+ 14.Nb3 Bc6
15.Bc5 a5  0-1

[Event "NLD-ch"]
[Site "Hilversum"]
[Date "1988.??.??"]
[Round "?"]
[White "Van der Wiel, John TH"]
[Black "Ligterink, Gert"]
[Result "1-0"]
[WhiteElo "2555"]
[BlackElo "2455"]

1.e4 c5 2.Nf3 e6 3.d4 cxd4 4.Nxd4 Nc6 5.Nc3 Qc7 6.Be3 Nf6 7.f3 a6 8.Qd2 b5
9.g4 h6 10.O-O-O Bb7 11.Bd3 Ne5 12.Kb1 Bc5 13.Bxb5 Bxd4 14.Qxd4 Nxf3 15.Qb4 Rb8
16.Rhf1 Ne5 17.Bc5 Nxe4 18.Nxe4 Bxe4 19.Bxd7+ Nxd7 20.Rxd7 Rxb4 21.Rxc7 Rc4
22.Rc8+ Kd7 23.Rxh8 Bxc2+ 24.Ka1 Rxc5 25.Rxf7+ Kd6 26.Rxg7 Be4 27.Rd8+ Ke5
28.Rd1 Kf4 29.b3 e5 30.Rf1+ Ke3 31.Re1+ Kd4 32.g5 hxg5 33.Rxg5  1-0

[Event "IND-ch"]
[Site "?"]
[Date "1988.??.??"]
[Round "?"]
[White "Gupta, Radhey S"]
[Black "Hegde, Ravi Gopal"]
[Result "1-0"]
[WhiteElo "2300"]
[BlackElo "2315"]

1.e4 c5 2.Nf3 Nc6 3.Nc3 e6 4.d4 cxd4 5.Nxd4 d6 6.Bc4 a6 7.Bb3 Na5 8.O-O Nxb3
9.axb3 Nf6 10.Qe2 Be7 11.Rd1 Bd7 12.e5 dxe5 13.Nf3 Qc8 14.Nxe5 O-O 15.Bg5 Bc6
16.Qc4 h6 17.Nxc6 Qxc6 18.Qxc6 bxc6 19.Bxf6 Bxf6 20.Kf1 Rfd8 21.Rxd8+ Bxd8
22.Ra4 Kf8 23.Rc4 Rc8 24.Na4 Ke7 25.Nc5 a5 26.Nb7 Bb6 27.Ra4 Ra8 28.b4 Rb8
29.bxa5 Rxb7 30.Rb4 Kd6 31.Rxb6 Rxb6 32.axb6 c5 33.Ke2 Kc6 34.Kd3 Kxb6 35.Kc4 Kc6
36.c3 g6 37.b3 f6 38.b4 cxb4 39.cxb4 h5 40.h3 g5 41.b5+ Kd6 42.Kb4 f5 43.Ka5 Kc7
44.Ka6 Kb8 45.Kb6 e5 46.Kc5 g4 47.h4 Kc7 48.g3 f4 49.Kd5 Kb6 50.Kxe5 f3 51.Kf5 Kxb5
52.Kg5 Kc4 53.Kxh5 Kd3 54.Kxg4 Ke2 55.h5  1-0

[Event "JUG-ch"]
[Site "?"]
[Date "1988.??.??"]
[Round "?"]
[White "Todorovic, Goran M"]
[Black "Cebalo, Miso"]
[Result "1-0"]
[WhiteElo "2425"]
[BlackElo "2515"]

1.e4 c5 2.Nf3 e6 3.d4 cxd4 4.Nxd4 Nc6 5.Nc3 d6 6.g4 Nge7 7.Be3 a6 8.Qe2 Nxd4
9.Bxd4 Nc6 10.Be3 b5 11.Bg2 Bb7 12.h4 Be7 13.O-O-O Qa5 14.Kb1 O-O 15.Bg5 b4
16.Nd5 Bxg5 17.hxg5 exd5 18.exd5 Ne5 19.Be4 Ng6 20.Bxg6 hxg6 21.f3 Bxd5 22.Qh2 f6
23.b3 Bxf3 24.Qh7+ Kf7 25.Rxd6 Qe5 26.Rxf6+ Qxf6 27.gxf6 Bxh1 28.fxg7 Rg8
29.Qxh1 Kxg7 30.Qb7+ Kh6 31.Qxb4 Kg5 32.a4 a5 33.Qc4 Rgf8 34.Kb2 Rac8 35.Qe6 Rce8
36.Qb6 Re5 37.c3 Rf4 38.Qd6 Re2+ 39.Ka3 Rxg4 40.Qd8+ Kf4 41.Qxa5 g5 42.Qc7+ Kf3
43.a5 Rg1 44.Qf7+ Kg3 45.c4 Ra1+ 46.Kb4 g4 47.c5 Rf2 48.Qg7 Rf4+ 49.Kb5 Rb1
50.Qc3+ Rf3 51.Qe5+ Kg2 52.Qe2+ Kh3 53.b4 Rfb3 54.Qc4 Rf3 55.c6 Rf8 56.Kb6 g3
57.c7 g2 58.Qd3+  1-0

[Event "JUG-ch"]
[Site "?"]
[Date "1988.??.??"]
[Round "?"]
[White "Podlesnik, Bogdan"]
[Black "Paunovic, Dragan"]
[Result "1/2-1/2"]
[WhiteElo "2345"]
[BlackElo "2400"]

1.e4 c5 2.Nf3 Nc6 3.d4 cxd4 4.Nxd4 e6 5.Nc3 Qc7 6.f4 a6 7.Be2 b5 8.Nxc6 Qxc6
9.Bf3 Bb7 10.Be3 Rc8 11.a3 b4 12.axb4 Bxb4 13.O-O Bxc3 14.bxc3 Nf6 15.Rb1 O-O
16.e5 Nd5 17.Bd4 Ba8 18.Rb6 Qa4 19.Rb3 Nc7 20.Rb4 Bxf3 21.Rxf3 Qc6 22.Rb6 Qc4
23.Qd3 Qxd3  1/2-1/2

[Event "JUG-ch"]
[Site "?"]
[Date "1988.??.??"]
[Round "?"]
[White "Matulovic, Milan"]
[Black "Paunovic, Dragan"]
[Result "1-0"]
[WhiteElo "2435"]
[BlackElo "2400"]

1.e4 c5 2.Nf3 Nc6 3.d4 cxd4 4.Nxd4 e6 5.Nc3 Qc7 6.f4 a6 7.Be3 b5 8.Bd3 Bb7
9.Nb3 d6 10.Qf3 Nf6 11.Qg3 Nb4 12.O-O Be7 13.a3 Nxd3 14.cxd3 O-O 15.Rac1 Qd8
16.f5 e5 17.Bh6 Nh5 18.Qg4 Kh8 19.Qxh5 gxh6 20.Nd5 Bg5 21.Rc3 a5 22.Kh1 Rb8
23.h4 Bxd5 24.exd5 Bf4 25.Rc6 a4 26.Nc1 b4 27.Ne2 bxa3 28.bxa3 Be3 29.Rf3 Bc5
30.Qxh6 Rg8 31.Rg3 Bxa3 32.f6 Rxg3 33.Nxg3 Qg8 34.Nf5 Bc5 35.h5 a3 36.Ra6 Bb4
37.Qg7+ Qxg7 38.fxg7+ Kg8 39.h6 f6 40.Ra7 Re8 41.Ne7+ Kf7 42.Nc6+  1-0